Diseño de una interfaz de potencia para el conjunto motor generador del laboratorio de automática

Na minha lista:
Detalhes bibliográficos
Autor principal: Villalobos Villalobos, Mario Enrique
Formato: Livro
Publicado em: [San José, Costa Rica] 2008
Assuntos:
Tags: Adicionar Tag
Sem tags, seja o primeiro a adicionar uma tag!

MARC

LEADER 00000nam a2200000Ia 4500
003 001153
005 20221231144058.0
008 140114s2008 cr a 000 ||s d
040 |c cru CEDI  
090 |a TFG 5676 
100 |a Villalobos Villalobos, Mario Enrique  |9 4291 
245 |a  Diseño de una interfaz de potencia para el conjunto motor generador del laboratorio de automática 
260 |c 2008  |b [San José, Costa Rica] 
300 |a xi, 94, [14] hojas; ilustraciones 
500 |a Proyecto de graduación (bachillerato de ingeniería eléctrica)--Universidad de Costa Rica. Facultad de Ingeniería Escuela de Ingeniería Eléctrica 
650 |x REGULADORES ELECTRICOS  |x CONTROLADORES PID  |x  DISEÑO   |9 4292 
942 |c TFG 
999 |c 16583  |d 16583